Switzerland Zurich Airport Destinations - Statistics

General Stats
  • This quiz has been taken 370 times
  • The average score is 87 of 177
Answer Stats
Airline(s) City % Correct
easyJet Berlin - Schonefeld
94%
Air Berlin, Swiss International Air Lines Berlin - Tegel
94%
easyJet, KLM, KLM Cityhopper, Swiss International Air Lines, Swiss Global Air Lines, Transavia Amsterdam
89%
Lufthansa, Lufthansa CityLine, Austrian Airlines, Helvetic Airways, Swiss Global Air Lines Munich
89%
American Airlines, Delta Air Lines, Swiss International Air Lines New York - JFK
89%
BA CityFlyer, Swiss Global Air Lines London - City
88%
easyJet, Swiss International Air Lines London - Gatwick
88%
British Airways, Swiss International Air Lines London - Heathrow
88%
easyJet London - Luton
88%
Air France, Swiss International Air Lines, Helvetic Airways, Swiss Global Air Lines Paris - Charles de Gaulle
88%
Swiss International Air Lines, Vueling Barcelona
87%
Austrian Airlines, Swiss International Air Lines Vienna
87%
Emirates, Swiss International Air Lines Dubai
86%
easyJet, Eurowings, Swiss International Air Lines Hamburg
86%
Air Europa, Iberia, Swiss International Air Lines Madrid
86%
Scandinavian Airlines, Swiss International Air Lines Oslo - Gardermoen
86%
Aegean Airlines, Swiss International Air Lines Athens
85%
Alitalia, Alitalia CityLiner, Swiss International Air Lines, Swiss Global Air Lines, Vueling Rome - Fiumicino
84%
easyJet, Swiss International Air Lines, TAP Portugal, Vueling Lisbon
83%
Aeroflot, Helvetic Airways, Swiss International Air Lines Moscow - Sheremetyevo
83%
Scandinavian Airlines, Swiss International Air Lines Stockholm - Arlanda
83%
Lufthansa, Swiss International Air Lines, Swiss Global Air Lines Frankfurt
82%
Aer Lingus, Swiss International Air Lines Dublin
81%
Finnair, Nordic Regional Airlines Helsinki
81%
Air China, Swiss International Air Lines Beijing - Capital
80%
Scandinavian Airlines, Swiss International Air Lines Copenhagen
80%
AtlasGlobal, Swiss International Air Lines, Turkish Airlines Istanbul - Ataturk
80%
Pegasus Airlines Istanbul - Sabiha Gokcen
80%
Etihad Airways Abu Dhabi
79%
Swiss International Air Lines Cairo
79%
Swiss International Air Lines Tokyo - Narita
79%
Swiss International Air Lines, Swiss Global Air Lines Los Angeles
78%
Swiss International Air Lines, Helvetic Airways, Swiss Global Air Lines Milan - Malpensa
78%
Swiss International Air Lines, Swiss Global Air Lines Geneva
76%
LOT Polish Airlines, Helvetic Airways Warsaw - Chopin
76%
Air Canada Toronto - Pearson
75%
Croatia Airlines, Helvetic Airways, Swiss Global Air Lines Zagreb
75%
Swiss International Air Lines, Helvetic Airways, Swiss Global Air Lines Manchester
73%
Swiss International Air Lines, Swiss Global Air Lines, Thai Airways Bangkok - Suvarnabhumi
72%
Air Serbia, Swiss International Air Lines Belgrade
72%
Germania Flug, Swiss International Air Lines, TAP Express, Vueling Porto
72%
Swiss International Air Lines Shanghai - Pudong
72%
Swiss International Air Lines, Helvetic Airways, Swiss Global Air Lines Brussels
71%
Swiss International Air Lines, Helvetic Airways Budapest
71%
Swiss International Air Lines Chicago
70%
Austrian Airlines, Swiss Global Air Lines Lyon
70%
Ukraine International Airlines Kiev - Boryspil
69%
Swiss International Air Lines Miami
69%
Swiss International Air Lines San Francisco
69%
Bulgaria Air, Helvetic Airways, Swiss Global Air Lines Sofia
69%
Qatar Airways Doha
68%
Air Berlin, Eurowings, Swiss International Air Lines, Austrian Airlines, Swiss Global Air Lines Dusseldorf
68%
Singapore Airlines, Swiss International Air Lines, Swiss Global Air Lines Singapore
68%
Swiss International Air Lines Boston
67%
easyJet, Swiss International Air Lines, Helvetic Airways, Swiss Global Air Lines Nice
67%
Korean Air Seoul - Incheon
67%
Tunisair Tunis
67%
Swiss International Air Lines Montreal - Trudeau
66%
Helvetic Airways, Swiss Global Air Lines, Vueling Prague
66%
United Airlines Washington - Dulles
66%
Royal Jordanian Amman
65%
Delta Air Lines Atlanta
65%
Swiss International Air Lines, Helvetic Airways Bucharest
65%
Cathay Pacific, Swiss International Air Lines, Swiss Global Air Lines Hong Kong
65%
easyJet, Helvetic Airways, Swiss Global Air Lines Naples
65%
El Al, Swiss International Air Lines, Helvetic Airways, Swiss Global Air Lines Tel Aviv
65%
Germanwings Cologne/Bonn
64%
BA CityFlyer, Edelweiss Air Edinburgh
64%
Royal Air Maroc Casablanca
63%
easyJet, Swiss International Air Lines, Helvetic Airways, Swiss Global Air Lines Venice
63%
airBaltic Riga
62%
Austrian Airlines, Helvetic Airways, Swiss Global Air Lines Stuttgart
61%
Germania Flug Ankara
60%
Swiss International Air Lines Valencia
59%
Edelweiss Air Vancouver
59%
Helvetic Airways Birmingham
56%
Swiss International Air Lines Delhi
55%
Swiss Global Air Lines Krakow
55%
Icelandair Reykjavik - Keflavik
55%
Helvetic Airways Bordeaux
54%
Swiss International Air Lines Johannesburg
54%
Swiss International Air Lines Palermo
54%
Croatia Airlines Dubrovnik
53%
Swiss International Air Lines, Vueling Malaga
53%
Air Malta, Swiss International Air Lines Malta
53%
Croatia Airlines, Edelweiss Air, Germania Flug Split
53%
Swiss International Air Lines Mumbai
52%
Helvetic Airways, Swiss Global Air Lines Florence
51%
Swiss International Air Lines Sarajevo
49%
Edelweiss Air Cape Town
48%
Montenegro Airlines Podgorica
47%
Germania Flug, Edelweiss Air Pristina
47%
Swiss Global Air Lines Bilbao
46%
Corendon Airlines, Edelweiss Air, Tailwind Airlines Antalya
45%
Austrian Airlines, Helvetic Airways Graz
45%
Swiss International Air Lines Thessaloniki
45%
Edelweiss Air, Niki Ibiza
44%
Adria Airways Ljubljana
44%
Swiss International Air Lines Sao Paulo
44%
Edelweiss Air Seville
44%
Swiss Global Air Lines Dresden
43%
Aegean Airlines, Edelweiss Air, Germania Flug, Niki Heraklion
42%
Swiss International Air Lines, United Airlines Newark
42%
Niki, Belair, Swiss International Air Lines, Vueling Alicante
41%
Germania Flug, Edelweiss Air Skopje
41%
Edelweiss Air, Niki, Belair, Vueling Tenerife - South
41%
Helvetic Airways, Swiss Global Air Lines Gothenburg
40%
Aegean Airlines, Edelweiss Air, Niki Rhodes
40%
Swiss International Air Lines Izmir
39%
Helvetic Airways, Swiss Global Air Lines Bari
38%
Germania Flug Beirut
38%
Helvetic Airways Bergen
38%
Swiss Global Air Lines Leipzig/Halle
38%
Edelweiss Air, Niki, Belair, Swiss International Air Lines, Vueling Gran Canaria
37%
Oman Air, Swiss International Air Lines Muscat
37%
Edelweiss Air, Niki Corfu
36%
Austrian Airlines, Swiss Global Air Lines Luxembourg
35%
Edelweiss Air, Niki, Belair, Swiss International Air Lines Catania
34%
Edelweiss Air, Germania Flug, Helvetic Airways, Niki, Belair, Swiss International Air Lines, Vueling Palma de Mallorca
33%
Edelweiss Air, Niki, Belair Faro
32%
Swiss International Air Lines, Helvetic Airways, Swiss Global Air Lines Hannover
32%
Edelweiss Air Santorini
32%
Edelweiss Air Las Vegas
31%
Austrian Airlines Nuremberg
31%
Swiss International Air Lines Nairobi
30%
Edelweiss Air Cagliari
28%
Edelweiss Air, Germania Flug, Niki Kos
28%
BH Air, Edelweiss Air, Germania Flug Varna
28%
Swiss Global Air Lines Cork
27%
Edelweiss Air Calgary
26%
Cobalt Air, Edelweiss Air Larnaca
26%
Edelweiss Air Mykonos
26%
Edelweiss Air Cancun
25%
Edelweiss Air Havana
25%
Edelweiss Air, Germania Flug Hurghada
25%
Edelweiss Air Marrakech
25%
Edelweiss Air Rio de Janeiro - Galeao
25%
Edelweiss Air, Niki, Belair, Vueling Lanzarote
24%
Edelweiss Air San Diego
24%
BH Air, Germania Flug Burgas
23%
Austrian Airlines Lugano
23%
Croatia Airlines, Edelweiss Air Pula
23%
Edelweiss Air, Niki, Belair Funchal
22%
Tunisair Djerba
21%
Edelweiss Air, Niki, Belair Fuerteventura
21%
Edelweiss Air Male
21%
Edelweiss Air Bodrum
20%
Niki Zakynthos
20%
Edelweiss Air Tampa
19%
Air Berlin, Edelweiss Air Olbia
18%
Edelweiss Air Phuket
18%
Germania Flug Agadir
17%
Edelweiss Air San Jose de Costa Rica
17%
Helvetic Airways Shannon
17%
Germania Flug La Palma
15%
Edelweiss Air Mauritius
15%
Edelweiss Air Punta Cana
15%
Germania Flug, Swiss International Air Lines Nis
14%
Niki, Belair, Swiss International Air Lines Brindisi
13%
Edelweiss Air Dalaman
13%
Swiss International Air Lines Dar es Salaam
11%
Air Cairo, Edelweiss Air, Germania Flug Marsa Alam
11%
Helvetic Airways, Swiss International Air Lines Saint Petersburg
11%
Niki Samos
11%
Edelweiss Air, Niki Lamezia Terme
10%
Germania Flug Calvi
9%
Edelweiss Air, Helvetic Airways Tromso
9%
Germania Flug Jerez de la Frontera
8%
Nouvelair Enfidha
7%
Swiss Global Air Lines Figari
6%
Germania Rostock
6%
Air Berlin, Swiss Global Air Lines Sylt
6%
Flybe Jersey
5%
Swiss International Air Lines, Vueling Santiago de Compostela
4%
SkyWork Airlines Elba
2%
Helvetic Airways Lourdes
2%
Niki Araxos
1%
No matching quizzes found
Score Distribution
Percent of People with Each Score
Percentile by Number Answered
Your Score History
You have not taken this quiz